01133nam a2200241Ia 450000100060000000300090000600800410001504000130005604000130006904100130008210000110009510000290010624500410013524500410017625000110021726000110022826000090023926000490024830000430029750004960034065000240083665000310086033142IT-RoPAU130308s9999 xx 000 0 und d aIT-RoPAU cIT-RoPAU aITALIANO aAA.VV. gCodice Aut. SPICS: 12000 aDroga-Libro bianco sulla prevenzione bDroga-Libro bianco Sulla Prevenzione a1a ed. aMILANO bCisf c1985 [1° Ed.:1985 - Ed.Ling.Originale:1985] a"192 p. (prefazione: no ; testo: 192)" aFamiglia Droga Condizione Giovanile Rapporto Sulla Situazione Italiana Droga tossicodipendenza prevenzione Prevenzione è miglioramento della Qualità della Vita Informazione e intervento Limiti e Responsabilità della Famiglia Famiglia e Servizi Sociali Famiglia e Scuola Aggregazione Giovanile Schede Informative Promotori della prevenzione Federazioni nazionali e internazionali programmi per L'Educazione Sanitaria dei Giovani Fonti istituzionali d'informazione Bibliografia Ragionata aSAGGI DI SOCIOLOGIA eCodice materia Spics: 3657